Obálka Náhled e-knihy:
PDF Epub
Pro půjčování e-knih musíte být přihlášeni.
Jak si půjčit online?

Percy Jackson : příručka pro bolobohy /

Příběhy, hry a zajímavosti ze světa Percyho Jacksona.

Uloženo v:
Série:Percy Jackson, část
Hlavní autor: Riordan, Rick, 1964- (Autor)
Další autoři: Chodilová, Dana, 1964- (Autor)
Médium: E-kniha
Jazyk:Czech
Vydáno: Praha : Fragment, 2024
Vydání:1. vydání
Témata:
Příbuzné jednotky:Z cyklu:: Percy Jackson
Tagy:
Žádné tagy
LEADER 02827nam a2200565 i 4500
001 312435
003 CZ PrSKC
005 20260601215722.0
007 ta
008 240607s2024 xr a c 000 j cze
015 |a cnb003609556 
020 |a 9788025368008  |q (vázáno) 
035 |a (OCoLC)1451768405 
040 |a ABG001  |b cze  |d BOA001  |e rda 
041 1 |a cze  |h eng 
072 7 |a 821.111(73)-3  |x Americká próza  |2 Konspekt 
072 7 |a 821-93  |x Literatura pro děti a mládež (beletrie)  |2 Konspekt 
080 |a 821.111(73)-32  |2 MRF 
080 |a 821-93  |2 MRF 
080 |a (0:82-322.9)  |2 MRF 
100 1 |a Riordan, Rick,  |d 1964-  |7 xx0103318  |4 aut 
240 1 0 |a Demigod files.  |l Česky 
245 1 0 |a Percy Jackson :  |b příručka pro bolobohy /  |c Rick Riordan ; z anglického originálu Percy Jackson and the Olympians - The demigod files ... přeložila Dana Chodilová 
246 3 0 |a Příručka pro polobohy 
250 |a 1. vydání 
264 1 |a Praha :  |b Fragment,  |c 2024 
300 |a 133 stran :  |b ilustrace ;  |c 22 cm 
336 |a text  |b txt  |2 rdacontent 
337 |a bez média  |b n  |2 rdamedia 
338 |a svazek  |b nc  |2 rdacarrier 
500 |a "Bonusový materiál ze světa Percyho Jacksona"--Obálka 
500 |a Podnázev chybně, správně je: příručka pro polobohy 
520 2 |a Příběhy, hry a zajímavosti ze světa Percyho Jacksona.  |b Jak přežít setkání s Arésovými syny v zoo? Jak zvládnout rozzuřeného Titána? Na tyto a další životně důležité otázky vám poskytne odpovědi originální příručka z univerza Percyho Jacksona. Kromě toho vás čekají také příběhy a rozhovory s Percym, Groverem, Annabeth a dalšími oblíbenými postavami. Nechybí ani mapka, luštění a další bonusový materiál. Nakladatelská anotace. Kráceno. 
521 8 |a Pro čtenáře od 11 let 
546 |a Český text 
655 7 |a americké příběhy  |7 fd131795  |2 czenas 
655 7 |a fantasy příběhy  |7 fd184198  |2 czenas 
655 7 |a publikace pro mládež  |7 fd133157  |2 czenas 
655 9 |a American stories  |2 eczenas 
655 9 |a fantasy stories  |2 eczenas 
655 9 |a juvenile literature  |2 eczenas 
700 1 |a Chodilová, Dana,  |d 1964-  |7 xx0017374  |4 trl 
765 1 |t Percy Jackson and the Olympians 
787 0 8 |i Z cyklu:  |t Percy Jackson 
900 |a ABA001  |b 20 
928 9 |a Albatros Media - Fragment 
044 |a xr 
910 |a RBIT002 
998 |d 406651  |a https://core.palmknihy.cz/api/books/406651/cover?sf3i4f  |b https://core.palmknihy.cz/api/books/406651/cover/400?sf3i4f  |c https://core.palmknihy.cz/api/books/406651/cover/50?sf3i4f  |e 2030-10-03  |g 132  |i 9788025368008  |j https://core.palmknihy.cz/api/books/406651/preview.epub  |k https://core.palmknihy.cz/api/books/406651/preview.pdf  |l   |q 49  |r 1  |s https://www.palmknihy.cz/kniha/406651  |t ebook  |y 2024  |z 0 
999 |d 312433